Co dělat, když máte špatného šéfa
Stále existujú manažéri, ktorí svojim podriadeným kazia život a kvôli ktorým ľudia odchádzajú. Najčastejšie príčiny, prečo zamestnanci zostávajú na takomto pracovisku. Zostať môže byť horšie. Ako zvládať situáciu na pracovisku so zlým šéfom. Výpoveď ako najlepšie riešenie.
Na minha lista:
| Autor principal: | |
|---|---|
| Formato: | Capítulo de Livro |
| Idioma: | tcheco |
| Assuntos: | |
| Tags: |
Sem tags, seja o primeiro a adicionar uma tag!
|
MARC
| LEADER | 00000naa a2200000 4500 | ||
|---|---|---|---|
| 001 | 0248567 | ||
| 005 | 20181105105546.1 | ||
| 041 | 0 | |a cze | |
| 044 | |a CZ | ||
| 245 | 1 | 0 | |a Co dělat, když máte špatného šéfa |c Ivana Watson |
| 520 | |a Stále existujú manažéri, ktorí svojim podriadeným kazia život a kvôli ktorým ľudia odchádzajú. Najčastejšie príčiny, prečo zamestnanci zostávajú na takomto pracovisku. Zostať môže byť horšie. Ako zvládať situáciu na pracovisku so zlým šéfom. Výpoveď ako najlepšie riešenie. | ||
| 610 | 2 | 0 | |a zamestnanci |
| 610 | 2 | 0 | |a manažéri |
| 610 | 2 | 0 | |a pracovisko |
| 610 | 2 | 0 | |a vzťahy pracovné |
| 610 | 2 | 0 | |a nadriadení |
| 610 | 2 | 0 | |a podriadení |
| 610 | 2 | 0 | |a výpoveď |
| 100 | 1 | |a Watson, Ivana | |